000 00820nam a2200265Ia 4500
003 OSt
005 20220925181513.0
006 a|||||r|||| 00| 0
007 ta
008 220923b |||||||| |||| 00| 0 eng d
020 _a9781849803762
_c2758.0300000000002
037 _b161/2011-12, 22/03/2012, CLASSIC BOOKS SERVICES
_cGeneral Book
040 _aRTL
_cRTL
_beng
041 _2eng
_aeng
082 _aX:991.1g, Q1
100 _aMichie Jonathan
_9253969
245 0 _aHandbook of globalisation.
250 _a2
260 _aCheltenham
_bEdward Elgar
_c2011
300 _axi, 569p.
_ccm.
500 _aBibliography chapterwise
650 _aCommerce
942 _hX:991.1g, Q1
_cGB
_2CC
999 _c499445
_d499445